Moonwalking with Einstein : the art and science of remembering everything /
Uložené v:
| Hlavný autor: | |
|---|---|
| Médium: | Kniha |
| Jazyk: | English |
| Vydané: |
London :
Penguin Books,
2012.
|
| Témy: | |
| ISBN: |
9780143120537 |
| Fyzický popis: |
307 strán ; 21 cm. |
| Tagy: |
Pridať tag
Žiadne tagy, Buďte prvý kto otaguje tento záznam!
|
Titul je dostupný aj v ... 

MARC
| LEADER | 00000nam a2200000 i 4500 | ||
|---|---|---|---|
| 001 | 000625607 | ||
| 005 | 20200109094003.0 | ||
| 008 | 160510s2012 xxk e 001 0 eng d | ||
| FMT | |||
| 020 | |a 9780143120537 |q (brožované) | ||
| 040 | |a SVKKK |b slo |c SVKKK |e rda | ||
| 041 | 0 | |a eng | |
| 044 | |a xxk |c GB | ||
| 072 | 7 | |a 159.95 |x Vyššie duševné procesy |2 konspekt | |
| 080 | |a 159.953 |2 2011 | ||
| 080 | |a 159.953.4 |2 2011 | ||
| 080 | |a (0.062) |2 2011 | ||
| 100 | 1 | |a Foer, Joshua, |d 1982- |4 aut | |
| 245 | 1 | 0 | |a Moonwalking with Einstein : |b the art and science of remembering everything / |c Joshua Foer. |
| 264 | 1 | |a London : |b Penguin Books, |c 2012. | |
| 300 | |a 307 strán ; |c 21 cm. | ||
| 336 | |a text |b txt |2 rdacontent | ||
| 337 | |a bez média |b n |2 rdamedia | ||
| 338 | |a zväzok |b nc |2 rdacarrier | ||
| 504 | |a Obsahuje bibliografiu a register | ||
| 650 | 0 | 7 | |a pamäť |2 SVKKKPH |
| 650 | 0 | 7 | |a tréning pamäti |2 SVKKKPH |
| 650 | 0 | 7 | |a mnemotechnika |2 SVKKKPH |
| 650 | 0 | 7 | |a memory |2 SVKKKPHeng |
| 650 | 0 | 7 | |a memory training |2 SVKKKPHeng |
| 650 | 0 | 7 | |a mnemonics |2 SVKKKPHeng |
| 655 | 7 | |a populárno-náučné publikácie |2 SVKKKPH | |
| 655 | 7 | |a popular works |2 SVKKKPHeng | |
| 910 | |a svkkk | ||
| 919 | |a 978-0-14-312053-7 | ||
| 998 | |a BK | ||
| OWN | |||
| Z30 | 1 | |l SCK01 |l SCK01 |m BOOK |1 SCKUS |2 SK20 |b Americké centrum |3 IV.236432 |9 17 - psychológia - galéria_P13 |6 1100655 |q 20191118 |5 2720702330 |8 20191118 |f 80 |s Voľný výber |g 000140783 |h SCKUS |z 13.00 |t 20260309 |u 1047 |w 000625607 |x 000010 |r GZ | |
| a02 | 0 | |a 9780143120537 | |
| 090 | |g SCKUS |k Americké centrum |a IV.236432 |j 1100655 |i 2720702330 |s Voľný výber |r GZ | ||